02781nam a2200277 u 4500001000800000005001700008007001000025008004100035035001200076040001300088041000800101080000700109100003400116245014200150260003500292300001100327520194500338650001902283650003302302650003402335650003602369700003702405700004102442502001202483526000802495152210120260508093514.0co|||||||190326s2017 spa  a1522101 ccomduadb aspa aWG10aToro Osorio, Keiner4auteaut10aAterosclerosis acelerada en pacientes con SAF en una clínica de anticoagulación de la ciudad de Medellín, Colombia. Estudio ASAFMED aMedellín :bAutor(a),c2017. aCD-ROM3 aEn los últimos años varios estudios han sugerido una alta prevalencia de aterosclerosis acelerada en pacientes con enfermedades autoinmunes como el lupus eritematoso sistémico (LES) y el síndrome antifosfolípido (SAF), explicada por el estado de inflamación sostenida y favorecida por el tratamiento inmunosupresor, especialmente los glucocorticoides, sin embargo la prevalencia real de aterosclerosis pre clínica es desconocida en nuestro país para estos grupos poblacionales. Actualmente la investigación en aterosclerosis se ha dirigido a la identificación de marcadores de aterosclerosis temprana como el grosor íntima media (GIM) y más recientemente la medición de la rigidez vascular por medio de la velocidad de onda de pulso (VOP). El diagnóstico de la aterosclerosis en un estadio asintomático permite el tratamiento oportuno y efectivo de las potenciales complicaciones de morbimortalidad cardiovascular, lo cual es indispensable en poblaciones en quienes se presume un alto riesgo, pero que no son categorizados como tal por las escalas de clasificación de riesgo actualmente disponibles. Objetivos: evaluar la prevalencia de aterosclerosis acelerada determinada por velocidad de onda de pulso y grosor íntima media en pacientes con SAF comparándolos con pacientes con LES sin SAF. Metodología: se desarrolló un estudio descriptivo transversal, la población incluyó 100 pacientes, de los cuales 50 tenían SAF, 26 SAF primario y 24 SAF asociado a LES. El otro grupo de 50 pacientes con LES sin SAF estuvo conformado por 16 pacientes con LES activo y 34 con LES inactivo. Los pacientes seleccionados tenían diagnóstico previo de LES y SAF y asistían a control en el Hospital Universitario San Vicente Fundación de la ciudad de Medellín Colombia, en los servicios de consulta externa de reumatología y el programa de clínica de anticoagulación de medicina vascular. aAterosclerosis aSíndrome antifosfolípido aLupus eritematoso sistémico aGrosor intima-media carotídeo10aFranco García, Samir4auteaut10aGómez Isaza, Luis Felipe4thseths b253c18 a255